Agricultural and Resource Economics: International Scientific E-Journal
Gespeichert in:
| Format: | Schriftenreihe |
|---|---|
| Sprache: | Englisch Ukrainisch Polnisch |
| Veröffentlicht: |
Kharkiv
Institute of Eastern European Research and Consulting
|
| Tags: |
Keine Tags, Fügen Sie das erste Tag hinzu!
|
MARC
| LEADER | 00000nls a2200000 4500 | ||
|---|---|---|---|
| 001 | 0291602 | ||
| 005 | 20250701092124.8 | ||
| 022 | |a 2414-584X | ||
| 041 | 0 | |a eng | |
| 041 | 0 | |a ukr | |
| 041 | 0 | |a pol | |
| 044 | |a UA | ||
| 245 | 1 | 0 | |a Agricultural and Resource Economics: International Scientific E-Journal |
| 264 | 1 | |a Kharkiv |b Institute of Eastern European Research and Consulting | |